101 triết gia
Guardat en:
| Autor principal: | |
|---|---|
| Format: | Llibre |
| Idioma: | Undetermined |
| Publicat: |
Hà Nội
Tri thức
2007
|
| Matèries: | |
| Etiquetes: |
Afegir etiqueta
Sense etiquetes, Sigues el primer a etiquetar aquest registre!
|
| Thư viện lưu trữ: | Trung tâm Học liệu Trường Đại học Cần Thơ |
|---|
| LEADER | 00507nam a2200193Ia 4500 | ||
|---|---|---|---|
| 001 | CTU_128741 | ||
| 008 | 210402s9999 xx 000 0 und d | ||
| 020 | |c 96500 | ||
| 082 | |a 109 | ||
| 082 | |b S464 | ||
| 100 | |a Mai Sơn | ||
| 245 | 0 | |a 101 triết gia | |
| 245 | 0 | |c Mai Sơn; Bùi Văn Nam Sơn hiệu đính | |
| 260 | |a Hà Nội | ||
| 260 | |b Tri thức | ||
| 260 | |c 2007 | ||
| 650 | |a Philosopher | ||
| 904 | |i Tuyến | ||
| 980 | |a Trung tâm Học liệu Trường Đại học Cần Thơ | ||